Harvest / (Record no. 82556)
[ view plain ]
| 000 -LEADER | |
|---|---|
| fixed length control field | 00703cam a2200265 a 4500 |
| 003 - CONTROL NUMBER IDENTIFIER | |
| control field | OSt |
| 005 - DATE AND TIME OF LATEST TRANSACTION | |
| control field | 20240422040509.0 |
| 008 - FIXED-LENGTH DATA ELEMENTS--GENERAL INFORMATION | |
| fixed length control field | 980717s1998 ii 000 0 eng |
| 020 ## - INTERNATIONAL STANDARD BOOK NUMBER | |
| International Standard Book Number | 9789350095140 |
| 025 ## - OVERSEAS ACQUISITION NUMBER | |
| Overseas acquisition number | I-E-98-905062; 27 |
| 040 ## - CATALOGING SOURCE | |
| Transcribing agency | DLC |
| 041 ## - LANGUAGE CODE | |
| Language code of text/sound track or separate title | English |
| 042 ## - AUTHENTICATION CODE | |
| Authentication code | lcode |
| 082 ## - DEWEY DECIMAL CLASSIFICATION NUMBER | |
| Classification number | 822 |
| Item number | MAN-H |
| 100 0# - MAIN ENTRY--PERSONAL NAME | |
| Personal name | Padmanabhan, Manjula |
| 245 10 - TITLE STATEMENT | |
| Title | Harvest / |
| Statement of responsibility, etc. | by Manjula Padmanabhan |
| 260 ## - PUBLICATION, DISTRIBUTION, ETC. | |
| Place of publication, distribution, etc. | New Delhi : |
| Name of publisher, distributor, etc. | Harchette Book Publishing India Pvt Ltd. , |
| Date of publication, distribution, etc. | 1998 . |
| 300 ## - PHYSICAL DESCRIPTION | |
| Extent | 257 p. |
| Other physical details | Paper Back |
| 650 ## - SUBJECT ADDED ENTRY--TOPICAL TERM | |
| Topical term or geographic name entry element | English literature |
| 650 ## - SUBJECT ADDED ENTRY--TOPICAL TERM | |
| Topical term or geographic name entry element | Drama |
| 942 ## - ADDED ENTRY ELEMENTS (KOHA) | |
| Koha item type | Books |
| 906 ## - LOCAL DATA ELEMENT F, LDF (RLIN) | |
| a | 7 |
| b | cbc |
| c | origode |
| d | 3 |
| e | ncip |
| f | 19 |
| g | y-gencatlg |
| 942 ## - ADDED ENTRY ELEMENTS (KOHA) | |
| Source of classification or shelving scheme | Dewey Decimal Classification |
| Suppress in OPAC | No |
| Withdrawn status | Lost status | Source of classification or shelving scheme | Damaged status | Collection code | Not for loan | Home library | Current library | Shelving location | Date acquired | Total Checkouts | Full call number | Barcode | Date last seen | Price effective from | Koha item type |
|---|---|---|---|---|---|---|---|---|---|---|---|---|---|---|---|
| Dewey Decimal Classification | English | ST. THOMAS COLLEGE LIBRARY, PALAI | ST. THOMAS COLLEGE LIBRARY, PALAI | English | 2024-04-22 | 822 MAN-H | 91555 | 2024-04-22 | 2024-04-22 | Books | |||||
| Dewey Decimal Classification | English | ST. THOMAS COLLEGE LIBRARY, PALAI | ST. THOMAS COLLEGE LIBRARY, PALAI | English | 2024-05-07 | 822 MAN-H | 91042 | 2024-05-07 | 2024-05-07 | Books |
